LIBRARY & INFORMATION CENTRE, KCAET, TAVANUR

ONLINE PUBLIC ACCESS CATALOGUE (OPAC)

Rice science / (Record no. 13290)

MARC details
000 -LEADER
fixed length control field 00433cam a2200169ua 4500
003 - CONTROL NUMBER IDENTIFIER
control field OSt
008 - FIXED-LENGTH DATA ELEMENTS--GENERAL INFORMATION
fixed length control field 240222b |||||||| |||| 00| 0 eng d
041 ## - LANGUAGE CODE
Language code of text/sound track or separate title eng
082 ## - DEWEY DECIMAL CLASSIFICATION NUMBER
Classification number 631.18
Item number CHA/RI
100 ## - MAIN ENTRY--AUTHOR NAME
Personal name Chandrasekharan, B .
245 ## - TITLE STATEMENT
Title Rice science /
260 ## - PUBLICATION, DISTRIBUTION, ETC. (IMPRINT)
Place of publication Jodhpur :
Name of publisher Scientific Publishers ,
Year of publication 2008.
300 ## - PHYSICAL DESCRIPTION
Number of Pages 667 ;
Accompanying material CD.
700 1# - ADDED ENTRY--PERSONAL NAME
Personal name Annadurai, K .
700 1# - ADDED ENTRY--PERSONAL NAME
Personal name Kavimani, R .
942 ## - ADDED ENTRY ELEMENTS (KOHA)
Koha item type Books
Holdings
Withdrawn status Lost status Damaged status Home library Current library Date acquired Full call number Accession Number Koha item type
      KAUAET KAUAET 07/04/2012 631.18 CHA/RI 21530 Books
free website counter